| 000 | 00499nam a22001817a 4500 | ||
|---|---|---|---|
| 003 | CEME | ||
| 005 | 20210628204120.0 | ||
| 008 | 210309b xxu||||| |||| 00| 0 eng d | ||
| 020 | _a0-07-016987-X | ||
| 040 | _c. | ||
| 082 | _a658.5 DIL'P | ||
| 100 |
_aDilworth, J. B _99034 |
||
| 245 | _aProduction and operations management , manufacturing and services | ||
| 260 |
_aNEWYORK _bMCGRAW HILL _c1993 |
||
| 300 | _a742P | ||
| 650 |
_aPRODUCTION AND OPERATIONS MANAGEMENT _968806 |
||
| 942 |
_cBK _2ddc |
||
| 999 |
_c576268 _d576268 |
||